ბათუმის შოთა რუსთაველის სახელმწიფო უნივერსიტეტის ბიბლიოთეკა

მესხთა ტრაგედია / (ბიბ.ჩანაწერი № 41559)

000 -ლიდერი
ფიქსირებული სიგრძის საკონტროლო ველი 01469nam a2200289Ia 4500
001 - საკონტროლო ნომერი
საკონტროლო ველი 8227
003 - საკონტროლო ნომრის იდენტიფიკატორი
საკონტროლო ველი GE_BSU
005 - ბოლო ოპერაციის თარიღი და დრო
საკონტროლო ველი 20240408153627.0
008 - ფიქსირებული სიგრძის მონაცემთა ელემენტები - ზოგადი ინფორმაცია
ფიქსირებული სიგრძის საკონტროლო ველი 181216s2005||||ge |||||||||||||| ||geo||
020 ## - წიგნის საერთაშორისო სტანდარტული ნომერი
International Standard Book Number 9992871741
040 ## - კატალოგიზაციის წყარო
Transcribing agency GE_BSU
041 ## - ენის კოდი
Language code of text/sound track or separate title geo
080 ## - უნივერსალური ათობითი კლასიფიკაციის ინდექსი
Universal Decimal Classification number 325.27+94(=353.1)+325.254.6 უ–41
100 ## - მთავარი ჩანაწერი - პიროვნების სახელი
Personal name უმაროვ–გოზალიშვილი, ხალილ
9 (RLIN) 21740
245 ## - ცნობა სათაურის შესახებ
Title მესხთა ტრაგედია /
Statement of responsibility, etc [თარგმნა გიორგი ლობჟანიძემ ; რედ. ასმათ ფიცხელაური-ფარჯიანი ; მხატვ. გიორგი წერეთელი].
260 ## - გამოქვეყნების, გავრცელების, და სხვა. ცნობები
Name of publisher, distributor, etc კავკასიური სახლი
260 ## - გამოქვეყნების, გავრცელების, და სხვა. ცნობები
Date of publication, distribution, etc 2005
264 ## - წარმოების, გამოცემის, დისტრიბუციის და სხვა ცნობები
გამოცემის, წარმოების, დისტრიბუციის... ადგილი თბილისი :
გამოცემის, წარმოების, დისტრიბუციის... სახელწოდება კავკასიური სახლი,
გამოცემის, წარმოების, დისტრიბუციის... თარიღი 2005.
300 ## - ფიზიკური აღწერა
Extent 227გვ. ;
Dimensions 20 სმ.
Accompanying material ცხრილები.
504 ## - BIBLIOGRAPHY, ETC. NOTE
Bibliography, etc ბიბლიოგრაფია ტექსტების შენიშვნებში
653 ## - INDEX TERM--UNCONTROLLED
Uncontrolled term მესხთა ტრაგედია
700 ## - ADDED ENTRY--PERSONAL NAME
Personal name ლობჟანიძე, გიორგი
Relator term მთარგმნელი
9 (RLIN) 6092
700 ## - ADDED ENTRY--PERSONAL NAME
Dates associated with a name ფიცხელაური-ფარჯიანი, ასმათ
Relator term რედაქტორი
9 (RLIN) 21741
700 ## - ADDED ENTRY--PERSONAL NAME
Personal name წერეთელი, გიორგი
Relator term მხატვარი
9 (RLIN) 21742
942 ## - ADDED ENTRY ELEMENTS (KOHA)
Koha item type წიგნი
Source of classification or shelving scheme
ეგზემპლარები
ჩამოწერის სტატუსი დაკარგული ეგზემპლარის სტატუსი კლასიფიკაციის წყარო ან თაროზე გაწყობის სქემა დაზიანების სტატუსი არ გაიცემა მუდმივი მდებარეობა (დაცვის ადგილი) ამჟამინდელი ადგილსამყოფელი თაროზე განთავსების ადგილი შეძენის თარიღი ღირებულება, შესყიდვის ნორმალური ფასი სრული შენახვის შიფრი შტრიხკოდი ბოლო ოპერაციის თარიღი ეგზემპლარის მიმდევრობითი ნომერი (კეტერი?) ფასის ძალაში შესვლის თარიღი ეგზემპლარის სახეობა საჯარო შენიშვნა
          ბათუმის შოთა რუსთაველის სახელმწიფო უნივერსიტეტის მთავარი ბიბლიოთეკა ბათუმის შოთა რუსთაველის სახელმწიფო უნივერსიტეტის მთავარი ბიბლიოთეკა წიგნსაცავი 2018-12-17 20.00 325.27+94(=353.1)+325.254.6 უ–41 26541 2018-12-17 26541 2018-12-17 წიგნი 20.00 ₾.
          ბათუმის შოთა რუსთაველის სახელმწიფო უნივერსიტეტის მთავარი ბიბლიოთეკა ბათუმის შოთა რუსთაველის სახელმწიფო უნივერსიტეტის მთავარი ბიბლიოთეკა წიგნსაცავი 2018-12-17 20.00 325.27+94(=353.1)+325.254.6 უ–41 26542 2018-12-17 26542 2018-12-17 წიგნი 20.00 ₾.